BIBLIOTECA

SENCICO

La pirámide del poder : (Registro nro. 245)

Detalles MARC
000 -LEADER
fixed length control field 01093nam a2200205Ia 4500
003 - CONTROL NUMBER IDENTIFIER
control field PE SENCICO BE
005 - DATE AND TIME OF LATEST TRANSACTION
control field 20251020182431.0
008 - FIXED-LENGTH DATA ELEMENTS--GENERAL INFORMATION
fixed length control field 200515s9999 xx 000 0 und d
020 ## - INTERNATIONAL STANDARD BOOK NUMBER
International Standard Book Number 950-15-1097-2
040 ## - CATALOGING SOURCE
Original cataloging agency PE SENCICO BE
Transcribing agency PE SENCICO BE
082 ## - DEWEY DECIMAL CLASSIFICATION NUMBER
Classification number 303.3
Item number T78
100 1# - MAIN ENTRY--PERSONAL NAME
Personal name Tracy, Diane
9 (RLIN) 2571
Relator term autor
245 10 - TITLE STATEMENT
Title La pirámide del poder :
Remainder of title cómo obtener poder cediéndolo /
Statement of responsibility, etc. Diane Tracy
260 ## - PUBLICATION, DISTRIBUTION, ETC.
Place of publication, distribution, etc. Buenos Aires :
Name of publisher, distributor, etc. Vergara ;
Date of publication, distribution, etc. 1992
300 ## - PHYSICAL DESCRIPTION
Extent 171 p. :
Other physical details il., graf. ;
Dimensions 22 cm.
505 0# - FORMATTED CONTENTS NOTE
Formatted contents note El poder a través de la responsabilidad -- El poder a través de la autoridad -- El poder a través de las normas de la excelencia -- El poder a través del entrenamiento y el desarrollo -- El poder a través del conocimiento y la información -- El poder a través de la retroacción -- El poder a través del reconocimiento -- El poder a través de la confianza -- El poder a través de la autorización para fallar -- El poder a través del respeto -- La pirámide del poder
650 10 - SUBJECT ADDED ENTRY--TOPICAL TERM
Topical term or geographic name entry element Poder (Ciencias sociales)
9 (RLIN) 2572
650 20 - SUBJECT ADDED ENTRY--TOPICAL TERM
Topical term or geographic name entry element Autoridad
9 (RLIN) 2447
942 ## - ADDED ENTRY ELEMENTS (KOHA)
Koha item type Libros
Source of classification or shelving scheme Dewey Decimal Classification
Existencias
Fecha de la última vez que lo usaron Número de ingreso o de inventario Pago total Signatura topográfica completa Código de barras Precio efectivo desde Tipo de documento Estado perdido Sistema de clasificación Estado dañado No es para préstamo Retirado Ubicación permanente Ubicación actual Fecha de adquisición
15/05/2020 4727   303.3/T78 BibLima24080042 15/05/2020 Libros   Dewey Decimal Classification       Biblioteca Central Lima Biblioteca Central Lima 15/05/2020